| 000 | 01020nam a2200277 i 4500 | ||
|---|---|---|---|
| 003 | EG-GICUC | ||
| 005 | 20260405094926.0 | ||
| 008 | 260405s1948 sz ||||fr|||| 00| 0 eng d | ||
| 040 |
_aEG-GiCUC _beng _cEG-GiCUC _dEG-GiCUC _eRda |
||
| 082 | 0 | 4 |
_221 _a341.23 _bIN . R |
| 092 | 0 | 4 | _221 |
| 099 | _aLaw1 11 341.23 IN . R 1948 | ||
| 110 |
_aInternational Red Cross Conference _eAuthor. |
||
| 245 |
_aReport Of The International Committee Of The Red Cross On Its Activities During The Second World War (September 1,1939-June 30-1947) / _cInternational Red Cross Conference . |
||
| 264 | 1 |
_aGeneva : _bInternational Red Cross Conference , _c1948 . |
|
| 300 |
_a320 page ; _c24 cm. |
||
| 336 |
_2rda contenu _a texte |
||
| 337 |
_2rda medias _aOrdinateur |
||
| 338 |
_2 transporteur rda _a Ressource en ligne |
||
| 546 | _aText in English | ||
| 650 | _aPublic International Law | ||
| 650 | _aUnited Nations | ||
| 856 | 4 | 0 | _uhttps://fll.law.cu.edu.eg/fulltext/bks/B11-05080.pdf |
| 905 | _a59 | ||
| 942 |
_2ddc _n0 _cBK _e21 |
||
| 999 |
_c68922 _d68922 |
||